| 000 | 00985nam a2200265Ia 4500 | ||
|---|---|---|---|
| 999 |
_c4652 _d4652 |
||
| 003 | OSt | ||
| 005 | 20200331152333.0 | ||
| 008 | 191128s1996 ck a br 000 j spa d | ||
| 020 | _a9583003255 | ||
| 040 |
_aCO-JMCR _cCO-JMCR |
||
| 041 | 0 | _aspa | |
| 082 | 0 | 4 |
_aC / _bANDh |
| 100 |
_aAndersen, Hans Christian, _eautor _92290 |
||
| 245 | 1 | 0 |
_aHans Christian Andersen / _ctraducido por Birgitte Bonning ; ilustraciones, Juan Sierra |
| 250 | _aPrimera edición | ||
| 260 |
_aBogotá : _bPanamericana, _c1996 |
||
| 300 |
_a173 páginas : _bilustraciones a color ; _c15 cm. |
||
| 490 | 0 | _aCajon de cuentos | |
| 505 | _aEl traje del nuevo emperador -- La colina de los elfos -- Es la pura verdad -- El viejo farol callejero -- El trigo sarraceno -- El porquerizo -- Los saltarines -- La familia felíz | ||
| 546 | _aspa | ||
| 650 | 1 | 4 |
_aCuentos infantiles _92291 |
| 700 |
_aBonning, Birgitte, _etraductora _92292 |
||
| 700 |
_aSierra, Juan, _eilustrador _92293 |
||
| 942 |
_2ddc _cBK |
||